=LDR 00000nam 2200000 4500 =001 NUTBA000000000005746 =005 20141107072440.0 =006 =007 =008 =020 ##$$a 978.979.041.140-1 =035 ##$$a 0010-111400000000225 =040 ##$$a NBPDMAT =082 ##$$a 530.41 =090 ##$$a 530.41 Sut p =100 ##$$a Sutinah =245 ##$$a Pengetahuan IPS benda padat, cair dan gas$cSutinah =260 ##$$a Jakarta : Ganeca Exact, 2008 =300 ##$$a iv, 36 hlm$bilus$c28 cm =500 ##$$a Bibliografi hlm : 35 =650 ##$$a Benda Padat =850 ##$$a NBPDMAT